000 00735nam a2200241Ia 4500
003 OSt
005 20221006142536.0
006 a|||||r|||| 00| 0
007 ta
008 221006b |||||||| |||| 00| 0 eng d
024 _a6,560
037 _cTextual
040 _aEASL
_cEASL
_beng
041 _2eng
_aeng
082 _aY:1v49D.A, G9
100 _aMCGOVERN William Montgomery
245 0 _aEarly empires of central Asia
_b A study of the scyhians and the Huns and the part they plyed in world history
260 _aNew York
_bUniversity of North Carolina
_c1939
300 _a529p.
_ccm.
490 _v Oth
942 _hY:1v49D.A, G9
_cTEXL
_2CC
999 _c1074646
_d1074646